000 00693nam a2200265Ia 4500
005 20260121172029.0
008 008 260114s9999 xx 000 0 eng d
020 _a9783030578787
037 _aEBOOK
040 _aCRL
040 _beng
040 _cCRL
041 _2eng
041 _aeng
084 _qCRL
100 _aMauro Conti, Jianying Zhou, Emiliano Casalicchio, Angelo Spognardi
_91083433
245 0 _aApplied Cryptography and Network Security
260 _bSpringer
260 _bSpringer
260 _c2020
856 _uhttps://link.springer.com/openurl?genre=book&isbn=978-3-030-57878-7
942 _cEBOOK
999 _c1649167
_d1649167